<?xml version="1.0" encoding="UTF-8"?>
<record
    xmlns:xsi="http://www.w3.org/2001/XMLSchema-instance"
    xsi:schemaLocation="http://www.loc.gov/MARC21/slim http://www.loc.gov/standards/marcxml/schema/MARC21slim.xsd"
    xmlns="http://www.loc.gov/MARC21/slim">

  <leader>02782nam a2200265 a 4500</leader>
  <controlfield tag="001">000087473</controlfield>
  <controlfield tag="005">20200120225000.0</controlfield>
  <controlfield tag="008">190829s20152016ck ao  gr|||| 000 | spa d</controlfield>
  <datafield tag="041" ind1="0" ind2=" ">
    <subfield code="a">spa</subfield>
  </datafield>
  <datafield tag="043" ind1=" " ind2=" ">
    <subfield code="a">s-ck---</subfield>
  </datafield>
  <datafield tag="082" ind1="0" ind2="4">
    <subfield code="a">303.609861</subfield>
    <subfield code="b">C34g</subfield>
    <subfield code="2">21</subfield>
  </datafield>
  <datafield tag="100" ind1="1" ind2=" ">
    <subfield code="a">Chica, Silvia Patricia.</subfield>
  </datafield>
  <datafield tag="245" ind1="1" ind2="0">
    <subfield code="a">Caja de herramientas para la implementaci&#xF3;n de la politica p&#xFA;blica de v&#xED;ctimas /</subfield>
    <subfield code="c">Silvia Patricia Chica, Luis Alberto G&#xF3;mez L&#xF3;pez.</subfield>
  </datafield>
  <datafield tag="260" ind1=" " ind2=" ">
    <subfield code="a">Bogot&#xE1; :</subfield>
    <subfield code="b">Ministerio del Interior</subfield>
    <subfield code="b">Direcci&#xF3;n de Derechos Humanos</subfield>
    <subfield code="b">Fundaci&#xF3;n Trust for the Americas,</subfield>
    <subfield code="c">2015-2016.</subfield>
  </datafield>
  <datafield tag="300" ind1=" " ind2=" ">
    <subfield code="a">1 kit (1 libro, 8 folletos, 5 plegables, 1 DVD, 1 CD-ROM) :$bilustraciones, color ; $c28 x 22 cm + $e1 USB.</subfield>
  </datafield>
  <datafield tag="500" ind1=" " ind2=" ">
    <subfield code="a">El kit est&#xE1; compuesto por: 1 libro: Gu&#xED;a para la actualizaci&#xF3;n de los planes integrales de prevenci&#xF3;n y protecci&#xF3;n: soporte conceptual y metodol&#xF3;gico -- 8 folletos: Orientaciones y herramientas t&#xE9;cnicas para la gesti&#xF3;n de los espacios de prevenci&#xF3;n a nivel territorial ; Orientaciones para la formulaci&#xF3;n del Plan de Acci&#xF3;n Territorial para la prevenci&#xF3;n, atenci&#xF3;n, asistencia y reparaci&#xF3;n integral a las v&#xED;ctimas ; Gu&#xED;a para el funcionamiento de comit&#xE9;s territoriales de justicia transicional ; Gu&#xED;a para la aplicaci&#xF3;n de la estrategia de corresponsabilidad de la pol&#xED;tica p&#xFA;blica de prevenci&#xF3;n, protecci&#xF3;n, atenci&#xF3;n, asistencia y reparaci&#xF3;n integral de v&#xED;ctimas del conflicto armado ; Gu&#xED;a para la elecci&#xF3;n, instalaci&#xF3;n y funcionamiento de las mesas de participaci&#xF3;n efectiva de las v&#xED;ctimas ; Instructivo caja de herramientas de la pol&#xED;tica p&#xFA;blica de v&#xED;ctimas del conflicto armado ; Gu&#xED;a pr&#xE1;ctica de reparaci&#xF3;n colectiva para los Comit&#xE9;s Territoriales de Justicia Transicional (CTJT) ; La indemnizaci&#xF3;n administrativa a v&#xED;ctimas del conflicto armado: &#xBF;Qu&#xE9; es, c&#xF3;mo se entrega y a qui&#xE9;n? -- 5 plegables: Marco normativo y jurisprudencial: pol&#xED;ticas de v&#xED;ctimas del conflicto armado ; Mapa de pol&#xED;tica p&#xFA;blica para la atenci&#xF3;n y reparaci&#xF3;n a v&#xED;ctimas ; Gu&#xED;a pr&#xE1;ctica del RUSICST ; Programa de acompa&#xF1;amiento Ruta integral ; Tu est&#xE1;s invitado a la conversaci&#xF3;n m&#xE1;s grande del mundo -- 1 DVD: Materiales para la autoformaci&#xF3;n en atenci&#xF3;n a v&#xED;ctimas -- 1 CD-ROM: Caja de herramientas para la implementaci&#xF3;n de la pol&#xED;tica p&#xFA;blica de v&#xED;ctimas.</subfield>
  </datafield>
  <datafield tag="650" ind1="1" ind2="4">
    <subfield code="a">V&#xED;ctimas de la violencia</subfield>
    <subfield code="x">Pol&#xED;tica gubernamental</subfield>
    <subfield code="v">Kit</subfield>
    <subfield code="z">Colombia</subfield>
  </datafield>
  <datafield tag="650" ind1="2" ind2="4">
    <subfield code="a">Justicia transicional</subfield>
    <subfield code="v">Kit</subfield>
    <subfield code="z">Colombia</subfield>
  </datafield>
  <datafield tag="650" ind1="2" ind2="4">
    <subfield code="a">Reparaciones colectivas</subfield>
    <subfield code="v">Kit</subfield>
    <subfield code="z">Colombia</subfield>
  </datafield>
  <datafield tag="650" ind1="2" ind2="4">
    <subfield code="a">Comit&#xE9;s territoriales de justicia transicional</subfield>
    <subfield code="v">Kit</subfield>
    <subfield code="z">Colombia</subfield>
  </datafield>
  <datafield tag="650" ind1="2" ind2="4">
    <subfield code="a">Pol&#xED;tica p&#xFA;blica</subfield>
    <subfield code="v">Kit</subfield>
    <subfield code="z">Colombia</subfield>
  </datafield>
  <datafield tag="650" ind1="2" ind2="4">
    <subfield code="a">Justicia restaurativa</subfield>
    <subfield code="v">Kit</subfield>
    <subfield code="z">Colombia</subfield>
  </datafield>
  <datafield tag="700" ind1="1" ind2=" ">
    <subfield code="a">L&#xF3;pez G&#xF3;mez, Luis Alberto.</subfield>
  </datafield>
  <datafield tag="700" ind1="1" ind2=" ">
    <subfield code="a">Rojas Valbuena, Martha Isabel,</subfield>
    <subfield code="e">editor.</subfield>
  </datafield>
  <datafield tag="999" ind1=" " ind2=" ">
    <subfield code="c">12055</subfield>
    <subfield code="d">12055</subfield>
  </datafield>
  <datafield tag="952" ind1=" " ind2=" ">
    <subfield code="0">0</subfield>
    <subfield code="1">0</subfield>
    <subfield code="2">ddc</subfield>
    <subfield code="4">0</subfield>
    <subfield code="7">0</subfield>
    <subfield code="8">GEN</subfield>
    <subfield code="a">BPMOS</subfield>
    <subfield code="b">BPMOS</subfield>
    <subfield code="d">2020-01-20</subfield>
    <subfield code="i">NT</subfield>
    <subfield code="l">0</subfield>
    <subfield code="o">303.609861 C34g</subfield>
    <subfield code="p">MOS020097</subfield>
    <subfield code="r">2021-12-07</subfield>
    <subfield code="t">ej.1</subfield>
    <subfield code="w">2020-01-20</subfield>
    <subfield code="y">BK</subfield>
    <subfield code="z">Ocho d&#xED;as</subfield>
  </datafield>
  <datafield tag="952" ind1=" " ind2=" ">
    <subfield code="0">0</subfield>
    <subfield code="1">0</subfield>
    <subfield code="2">ddc</subfield>
    <subfield code="4">0</subfield>
    <subfield code="7">0</subfield>
    <subfield code="8">GEN</subfield>
    <subfield code="a">BPMOS</subfield>
    <subfield code="b">BPMOS</subfield>
    <subfield code="d">2020-01-20</subfield>
    <subfield code="i">NT</subfield>
    <subfield code="l">0</subfield>
    <subfield code="o">303.609861 C34g</subfield>
    <subfield code="p">MOS020098</subfield>
    <subfield code="r">2021-12-07</subfield>
    <subfield code="t">ej.2</subfield>
    <subfield code="w">2020-01-20</subfield>
    <subfield code="y">BK</subfield>
    <subfield code="z">Ocho d&#xED;as</subfield>
  </datafield>
</record>
